| 000 | 00503nam a2200181Ia 4500 | ||
|---|---|---|---|
| 008 | 240925s9999 xx 000 0 und d | ||
| 020 | _a205167764 | ||
| 082 | _a305.26 HOO | ||
| 100 | _aHooyman, Nancy ; Kiyak ,Asuman H. | ||
| 245 | 0 | _aSocial Gerontology: a multidisciplinary perspective | |
| 250 | _a4th | ||
| 260 |
_aBoston: _bAllyn and Bacon _c,1996. |
||
| 300 |
_axiii,246p. _bNA _fOriginal |
||
| 500 | _aIncludes Index | ||
| 600 | _aSocial Sciences | ||
| 650 | _aSocial Sciences | ||
| 942 | _cBK | ||
| 999 |
_c5630 _d5630 |
||